000 02094nam a2200457 c 4500
003 BLK
005 20250716154940.0
008 180411b bul|||||r ||||||| ||bul||
020 _a978-619-199-067-2
020 _a3800083817420
040 _aBLK
041 _aBUL
_cBUL
080 _aУлично и пътно движение. Безопасност на движението
_b656.11
_x(035)(02.053.2)
_z656.11(035)(02.053.2)
100 1 _9103462
_aНилендер, Петер
_eтекст
139 _aНилендер, Петер
_bН 78
245 1 0 _aБезопасното движение
_bЕнциклопедия за най-малките : С повдигащи се капачета на всяка страница
_cтекст и ил. Петер Нилендер; прев. Розалина Борилова Палазова
257 _aDEU
260 _bФют
_c2015
_fотпеч. в Италия
_aСофия
300 _a16 с.
_bс цв. ил.
_c20 см
380 _aDN
490 _aПоредица Защо? Какво? Как?
_9208015
_v9
500 _aКор. загл. - Ориг. загл. Wieso? Weshalb? Warum? Ampel, Strasse und Verkehr / Ill. und Text Peter Nielander.
650 4 _aБезопасност на движението
_9148239
650 4 _aЕнциклопедии, детски
_9154962
653 _aбезопасност на движението
653 _aенциклопедии
653 _aлитература за деца
653 _aдетска литература
659 _aН
700 1 _aНилендер, Петер
_eтекст и ил.
_9103462
700 1 _aПалазова, Розалина Борилова
_gЖурналист. Преводач от немски език.
_9105705
852 _bД
_c65/Н 78
856 4 _qpdf
856 4 _qpdf
942 _cKNG
_n0
_0126
_s1
944 _aCR
_c01.06.2016
_lАнна Гръцманова
_k30564
944 _aED
_c17.06.2016
_lф /
_kЛюдмила_Стоянова
999 _c179395
_d179395
999 _d179395
999 _d179395
999 _d179395